| 000 | 00000nam##2200000za#4500 |
| 001 | 9.612726 |
| 003 | CaOODSP |
| 005 | 20220111083425 |
| 007 | ta |
| 008 | 150406|1996||||xxc||||| f|0| 0 eng|d |
| 020 | |a0-662-24080-4 |
| 022 | |a1713-0638 |
| 040 | |aCaOODSP|beng |
| 043 | |an-cn--- |
| 086 | 1 |aNE22-1/1996-2E |
| 110 | 1 |aCanada. |bNational Energy Board. |
| 245 | 10|aIn the matter of Interprovincial Pipe Line Inc.; Westspur Pipe Line Company Inc. : |bapplications dated 7 September 1995, as amended, for expansion facilities and toll methodology |
| 260 | |aCalgary - Alberta : |bNational Energy Board |cJanuary, 1996. |
| 300 | |aii, 16p. : |bfig., tables ; |c28 cm. |
| 490 | 1 |aReasons for decision|x1713-0638 |
| 563 | |aSoftcover |
| 590 | |a96-07|b1996-02-16 |
| 775 | 08|tRelativement à Interprovincial Pipe Line Inc.; Westspur Pipe Line Company Inc. : |w(CaOODSP)9.623618 |
| 776 | 0#|tReasons for decision in the matter of Interprovincial Pipe Line Inc., Westspur Pipe Line Company Inc. : |w(CaOODSP)9.572491 |
| 830 | #0|aReasons for decision (Canada. National Energy Board)|x1713-0638|w(CaOODSP)9.514808 |
| 986 | |aOHW-2-95 |